TV Casts of the 1960s Quiz Stats

 Plays Quiz Updated May 25, 2019

Score 0/25 Timer 05:00
2 Plays Today
Question Answer Wrong Answers
Leonard Nimoy, DeForest Kelley, Nichelle Nichols, George Takei Star Trek
93%
Lost in Space
0.9%
Mission: Impossible
0.6%
The Outer Limits
0.5%
Burt Ward, Adam West, Neil Hamilton, Stafford Repp Batman
92.3%
Green Hornet
0.8%
Kung Fu
0.6%
Hogan's Heroes
1.3%
Dick York, Agnes Moorehead, David White, Elizabeth Montgomery Bewitched
88.5%
I Dream of Jeannie
4.5%
Hazel
0.9%
Family Affair
1.3%
Ernest Borgnine, Joe Flynn, Tim Conway, Carl Ballantine McHale's Navy
88.5%
The Flintstones
1.3%
The Jetsons
2.2%
Peter Gunn
2.7%
Dawn Wells, Bob Denver, Tina Louise, Alan Hale Jr. Gilligan's Island
88.1%
The Many Loves of Dobie Gillis
2.8%
The Fugitive
1.6%
77 Sunset Strip
2.1%
Hayden Rorke, Barbara Eden, Bill Daily, Larry Hagman I Dream of Jeannie
86.7%
Harper Valley PTA
1.3%
Dallas
5.9%
The Bob Newhart Show
1.2%
Barbara Feldon, Don Adams, Robert Karvelas, Edward Platt Get Smart
86.1%
Danger Man
2.7%
The Saint
3%
The Prisoner
2.7%
Eva Gabor, Tom Lester, Pat Buttram, Eddie Albert Green Acres
85.7%
Mayberry RFD
1.2%
The Brady Bunch
2.2%
Petticoat Junction
5.6%
Donna Douglas, Buddy Ebsen, Irena Ryan, Max Baer Jr. The Beverly Hillbillies
85.2%
Green Acres
3%
F Troop
1.8%
Petticoat Junction
4.6%
Ruth Buzzi, Arte Johnson, Lily Tomlin, Goldie Hawn Rowan & Martin's Laugh-In
84.8%
The Carol Burnett Show
5.8%
The Red Skelton Show
1.6%
The Jackie Gleason Show
2.6%
Frances Bavier, Don Knotts, Ron Howard, Aneta Corsaut The Andy Griffith Show
83.8%
Make Room for Daddy
1.4%
Three's Company
2.1%
Happy Days
7.7%
Lorne Greene, Michael Landon, Dan Blocker, Pernell Roberts Bonanza
83.6%
Gunsmoke
7%
The Virginian
1.8%
Rawhide
2.5%
Fred Gwynne, Yvonne De Carlo, Al Lewis, Butch Patrick The Munsters
81.3%
The Addams Family
7.2%
Dark Shadows
3.1%
Fantasy Island
3%
Jim Nabors, Frank Sutton, Barbara Stuart, Ronnie Schell Gomer Pyle USMC
80.5%
Mayberry RFD
5%
The Man from UNCLE
4.3%
The Andy Griffith Show
4.7%
Greg Morris, Barbara Bain, Martin Landau, Peter Graves Mission: Impossible
80.5%
Peter Gunn
5.2%
The Avengers
4.5%
Get Smart
4.5%
Fred MacMurray, William Demarest, Stanley Livingston, Don Grady My Three Sons
77%
Leave It to Beaver
5.5%
The Donna Reed Show
1.9%
Father Knows Best
10.2%
John Astin, Carolyn Jones, Jackie Coogan, Blossom Rock The Addams Family
74.6%
The Munsters
7.3%
Dark Shadows
8%
The Twilight Zone
4.5%
Larry Storch, Ken Berry, Melody Patterson, Forrest Tucker F Troop
71.6%
Rawhide
8.5%
Wagon Train
7.7%
McHale's Navy
6.7%
Alan Young, Connie Hines, Edna Skinner, Larry Keating Mister Ed
70.8%
My Friend Flicka
10.8%
Green Acres
5.4%
Perry Mason
7.2%
Bill Mumy, June Lockhart, Jonathan Harris, Angela Cartwright Lost in Space
69%
Lassie
19.1%
The Twilight Zone
3.5%
Voyage to the Bottom of the Sea
2.8%
Barbara Stanwyck, Linda Evans, Richard Long, Lee Majors The Big Valley
66.4%
Maverick
9.4%
The Virginian
11%
The Rifleman
7.8%
Ross Martin, Robert Conrad, Dick Cangey, Red West The Wild Wild West
66.3%
Baa Baa Black Sheep
18%
Bewitched
1.6%
Bonanza
8.4%
Mary Tyler Moore, Morey Amsterdam, Rose Marie, Richard Deacon The Dick Van Dyke Show
65.1%
The Joey Bishop Show
0.4%
The Jackie Gleason Show
0.5%
The Mary Tyler Moore Show
29.2%
Ray Walston, Pamela Britton, Bill Bixby, Alan Hewitt My Favorite Martian
64%
Bewitched
2.5%
The Courtship of Eddie's Father
25.5%
My Living Doll
2.7%
Alan Reed, Jean Vander Pyl, Mel Blanc, Bea Benaderet The Flintstones
54.6%
Petticoat Junction
17.9%
The Honeymooners
4.5%
The Jetsons
17.7%

You're not logged in!

Compare scores with friends on all Sporcle quizzes.
OR
Log In

Sporcle TV

Today on Sporcle TV


Watch our educational content, quiz creation guides, and fun videos on Sporcle TV.

Show Comments

Extras

Top Quizzes Today


Score Distribution

Your Account Isn't Verified!

In order to create a playlist on Sporcle, you need to verify the email address you used during registration. Go to your Sporcle Settings to finish the process.

Report this User

Report this user for behavior that violates our Community Guidelines.

Details: